The only 2 countries - Statistics

General Stats
  • This quiz has been taken 116 times
  • The average score is 30 of 48
Answer Stats
Les 2 seuls pays Réponse % Correct
With a population over 1 billion China
96%
That border Sweden Norway
96%
With a population over 1 billion India
95%
With a majority of Hindus India
95%
Where you don't need a permit to own a semi-auto gun United States
95%
With more than half of the population of their continent United States
95%
Starting with Z Zimbabwe
92%
That border Sweden Finland
91%
where it's impossible to buy Coca-Cola North Korea
91%
North North Korea
91%
In south America that does not border Brazil Chile
90%
Completly surrounded by Italy Vatican
90%
Starting with Z Zambia
90%
Containing the word "New" New Zealand
88%
Completly surrounded by Italy San Marino
85%
With more motorised vehicule than people San Marino
85%
In south America that does not border Brazil Ecuador
84%
That share Hispaña Dominican Republic
76%
North North Macedonia
76%
With more than half of the population of their continent Australia
75%
That share Hispaña Haiti
74%
With a majority of Hindus Nepal
74%
Containing the word "New" Papua New Guinea
71%
doubly landlocked Liechtenstein
65%
That were not in war for at least 200 years Switzerland
64%
With no holydays for their independance United Kingdom
61%
With purple on their flag Dominica
60%
That exchange a territory evry 6 months France
60%
doubly landlocked Uzbekistan
59%
That exchange a territory evry 6 months Spain
58%
with the outlines of the country on their flag Cyprus
49%
With "The" at the start of their official name Gambia
48%
With no holydays for their independance Denmark
47%
On a continent but where the capital city is on an island Denmark
47%
With a negative carbon footprint Bhutan
46%
where it's impossible to buy Coca-Cola Cuba
46%
with the outlines of the country on their flag Kosovo
46%
With more motorised vehicule than people Andorra
41%
On a continent but where the capital city is on an island Equatorial Guinea
35%
That were not in war for at least 200 years Sweden
34%
With "The" at the start of their official name Bahamas
33%
With 3 consecutive letters of the alphabet in their name Afghanistan
32%
With leopard as national animal Rwanda
16%
Where you don't need a permit to own a semi-auto gun Yemen
16%
With purple on their flag Nicaragua
15%
With a negative carbon footprint Suriname
15%
With leopard as national animal Somalia
12%
With 3 consecutive letters of the alphabet in their name Tuvalu
11%
No matching quizzes found
Score Distribution
Percent of People with Each Score
Percentile by Number Answered
Your Score History
You have not taken this quiz